[Event "CAN-ch U18"]
[Site "Toronto"]
[Date "2018.08.12"]
[Round "9"]
[White "Wang, Constance"]
[Black "Rodrigue Lemieux, Shawn"]
[Result "0-1"]
[WhiteElo "1958"]
[BlackElo "2216"]
[PlyCount "114"]
[EventDate "2018.08.08"]
[EventType "tourn"]
[EventRounds "9"]
[EventCountry "CAN"]
[SourceTitle "CBM 186 Extra"]
[Source "ChessBase"]
[SourceDate "2018.08.24"]
[SourceVersion "1"]
[SourceVersionDate "2018.08.24"]
[SourceQuality "1"]

1. e4 c6 2. d4 d5 3. e5 Bf5 4. h4 h5 5. c4 e6 6. Nc3 Ne7 7. Bg5 dxc4 8. Bxc4 Nd7 9. Nge2 Nb6 10. Bd3 Qd7 11. Bxe7 Bxe7 12. Bxf5 exf5 13. Qb3 Rd8 14. 0-0-0 Qe6 15. Qc2 Bb4 16. Kb1 Bxc3 17. Qxc3 Nd5 18. Qc5 b6 19. Qa3 a5 20. Qb3 0-0 21. Nc3 Qg6 22. Nxd5 Rxd5 23. Qc2 Rfd8 24. f4 Rxd4 25. Rxd4 Rxd4 26. Qf2 c5 27. g3 Qc6 28. Re1 Qd5 29. Qc2 g6 30. Rc1 Kg7 31. Qb3 Qxb3 32. axb3 Kf8 33. Rc4 Rd5 34. Kc2 Ke7 35. Rc3 Ke6 36. Re3 Rd4 37. Kc3 Kd5 38. Re1 Ke6 39. Re3 Kd7 40. Re1 Rd5 41. Ra1 Kc6 42. Re1 Kd7 43. Ra1 Rd4 44. Re1 Re4 45. Rd1+ Kc6 46. Rd6+ Kb5 47. Kd3 Re1 48. Kc3 Re3+ 49. Kc2 Rxg3 50. Rf6 Rg4 51. Rxf7 Rxh4 52. Rg7 Rxf4 53. Rxg6 Re4 54. Rg5 Rxe5 55. Rxh5 Re2+ 56. Kc3 f4 57. Rf5 Re3+ 0-1

[Event "CAN-ch U18"]
[Site "Toronto"]
[Date "2018.08.11"]
[Round "7"]
[White "Liang, Hairan"]
[Black "Wang, Constance"]
[Result "1-0"]
[WhiteElo "2150"]
[BlackElo "1958"]
[PlyCount "93"]
[EventDate "2018.08.08"]
[EventType "tourn"]
[EventRounds "9"]
[EventCountry "CAN"]
[SourceTitle "CBM 186 Extra"]
[Source "ChessBase"]
[SourceDate "2018.08.24"]
[SourceVersion "1"]
[SourceVersionDate "2018.08.24"]
[SourceQuality "1"]

1. e4 c5 2. Nf3 d6 3. Bb5+ Bd7 4. Bxd7+ Qxd7 5. c4 Nf6 6. Nc3 g6 7. d4 cxd4 8. Nxd4 Bg7 9. f3 0-0 10. Be3 Rc8 11. b3 Nc6 12. 0-0 Qd8 13. Qd2 Nxd4 14. Bxd4 Qa5 15. Rac1 Rc6 16. Rfd1 e6 17. Be3 a6 18. a4 Ne8 19. Ne2 Qxd2 20. Rxd2 Rac8 21. Rcd1 h5 22. Bf4 Rb6 23. Rd3 Kh7 24. a5 Rbc6 25. Bxd6 Nxd6 26. Rxd6 Rxd6 27. Rxd6 Rc7 28. Kf2 Bf8 29. Rd1 Bc5+ 30. Kg3 Bb4 31. Kf4 Bxa5 32. e5 Rc5 33. Rd7 Bc7 34. Rxf7+ Kh6 35. Ke4 Rxe5+ 36. Kd3 Bb6 37. Nc3 Re3+ 38. Kd2 Bd4 39. Ne2 Bb6 40. Nc1 Re5 41. Rxb7 Bg1 42. h4 Bh2 43. Ne2 Rf5 44. Rb6 Bf4+ 45. Kd3 Bc7 46. Rxa6 Rf6 47. b4 1-0

[Event "CAN-ch U18"]
[Site "Toronto"]
[Date "2018.08.11"]
[Round "6"]
[White "Wang, Constance"]
[Black "Tian, Shi Yuan"]
[Result "0-1"]
[WhiteElo "1958"]
[BlackElo "1834"]
[PlyCount "90"]
[EventDate "2018.08.08"]
[EventType "tourn"]
[EventRounds "9"]
[EventCountry "CAN"]
[SourceTitle "CBM 186 Extra"]
[Source "ChessBase"]
[SourceDate "2018.08.24"]
[SourceVersion "1"]
[SourceVersionDate "2018.08.24"]
[SourceQuality "1"]

1. e4 e6 2. d4 d5 3. e5 c5 4. c3 Nc6 5. Nf3 Bd7 6. Be2 Qb6 7. 0-0 Nge7 8. Na3 a6 9. dxc5 Qc7 10. Be3 Nxe5 11. Nxe5 Qxe5 12. Qd2 Qc7 13. b4 Nf5 14. Bg4 Nxe3 15. Qxe3 Be7 16. c4 dxc4 17. Nxc4 Bc6 18. a4 0-0 19. Nb6 Rad8 20. Rab1 Kh8 21. Rfc1 h6 22. Rd1 Rxd1+ 23. Rxd1 Rd8 24. h3 Rxd1+ 25. Bxd1 Kg8 26. Bf3 Bxf3 27. Qxf3 a5 28. Nc4 axb4 29. Nd6 Bxd6 30. cxd6 Qxd6 31. Qb3 Qc5 32. Kf1 Qd5 33. Qxb4 Qd1+ 34. Qe1 Qxe1+ 35. Kxe1 Kf8 36. Kd2 Ke7 37. Kc3 Kd6 38. Kc4 Kc6 39. h4 h5 40. f3 f6 41. g4 g6 42. gxh5 gxh5 43. Kd4 Kb6 44. f4 Ka5 45. Kc5 Kxa4 0-1

[Event "CAN-ch U18"]
[Site "Toronto"]
[Date "2018.08.09"]
[Round "3"]
[White "Zhu, Brandon"]
[Black "Wang, Constance"]
[Result "1-0"]
[WhiteElo "1962"]
[BlackElo "1958"]
[PlyCount "77"]
[EventDate "2018.08.08"]
[EventType "tourn"]
[EventRounds "9"]
[EventCountry "CAN"]
[SourceTitle "CBM 186 Extra"]
[Source "ChessBase"]
[SourceDate "2018.08.24"]
[SourceVersion "1"]
[SourceVersionDate "2018.08.24"]
[SourceQuality "1"]

1. e4 c5 2. Nf3 d6 3. d4 cxd4 4. Nxd4 Nf6 5. Nc3 a6 6. a3 e5 7. Nf5 Bxf5 8. exf5 d5 9. Bg5 d4 10. Bxf6 Qxf6 11. Nd5 Qc6 12. c4 Nd7 13. g3 Nf6 14. Bg2 Nxd5 15. Bxd5 Qc7 16. 0-0 Be7 17. Qa4+ Kf8 18. b4 h5 19. h4 Rh6 20. c5 Rf6 21. Be4 Rd8 22. Rfd1 Qd7 23. Qc2 Kg8 24. Qd3 Rb8 25. Rac1 Qc7 26. Re1 Rh6 27. Qc4 b5 28. Qd3 a5 29. Ra1 Ra6 30. Qe2 g6 31. fxg6 fxg6 32. Bd3 Kg7 33. Rab1 axb4 34. axb4 Ra3 35. Qe4 Ra6 36. f4 Qb7 37. Qe2 Re6 38. f5 Rf6 39. Qxe5 1-0

[Event "Ontario-ch U20"]
[Site "Mississauga"]
[Date "2018.01.28"]
[Round "5"]
[White "Wang, Constance"]
[Black "Washimkar, Arhant"]
[Result "1/2-1/2"]
[WhiteElo "2071"]
[BlackElo "1899"]
[PlyCount "103"]
[EventDate "2018.01.27"]
[EventType "swiss"]
[EventRounds "5"]
[EventCountry "CAN"]
[SourceTitle "EXT 2022"]
[Source "ChessBase"]
[SourceDate "2021.10.06"]
[SourceVersion "1"]
[SourceVersionDate "2021.10.06"]
[SourceQuality "1"]

1. e4 c5 2. Nf3 Nc6 3. d4 cxd4 4. Nxd4 g6 5. c4 Nf6 6. Nc3 Nxd4 7. Qxd4 d6 8. Be3 Bg7 9. Be2 0-0 10. Qd2 Be6 11. Rc1 Qa5 12. 0-0 Rfc8 13. b3 a6 14. f3 b5 15. Nd5 Qxd2 16. Bxd2 Nxd5 17. exd5 Bd4+ 18. Kh1 Bd7 19. Rfe1 Kf8 20. Bh6+ Ke8 21. Bf4 Kd8 22. h4 Bf2 23. Red1 Bxh4 24. g3 Bf6 25. Kg2 bxc4 26. Bxc4 Bb5 27. g4 Bxc4 28. bxc4 Rab8 29. Rh1 Rb2+ 30. Kg3 Rxa2 31. g5 Bd4 32. Rxh7 Ke8 33. Kg4 Ra4 34. Re1 Rcxc4 35. Kg3 Bf2+ 36. Kxf2 Rxf4 37. Rh8+ Kd7 38. Ra8 Rac4 39. Ra7+ Rc7 40. Rxe7+ Kxe7 41. Rxc7+ Kd8 42. Rc6 Kd7 43. Rxa6 Rf5 44. Ra7+ Kc8 45. Ke3 Rxg5 46. Rxf7 Rxd5 47. f4 Rf5 48. Rg7 Rf6 49. Kf3 Kd8 50. Kg4 d5 51. Kg5 Rd6 52. f5 1/2-1/2

[Event "CAN-ch (Women)"]
[Site "Ottawa"]
[Date "2016.09.25"]
[Round "7"]
[White "Wang, Constance"]
[Black "Khoudgarian, Natalia"]
[Result "1/2-1/2"]
[WhiteElo "1822"]
[BlackElo "2116"]
[PlyCount "38"]
[EventDate "2016.09.22"]
[EventType "tourn"]
[EventRounds "7"]
[EventCountry "CAN"]
[SourceTitle "CBM 174 Extra"]
[Source "ChessBase"]
[SourceDate "2016.10.10"]
[SourceVersion "1"]
[SourceVersionDate "2016.10.10"]
[SourceQuality "1"]

1. e4 e6 2. d4 d5 3. e5 c5 4. c3 Nc6 5. Nf3 Nge7 6. Bd3 cxd4 7. cxd4 Nf5 8. Bxf5 exf5 9. Nc3 Be7 10. Qb3 Bb4 11. 0-0 Be6 12. a3 Bxc3 13. Qxc3 Rc8 14. Qd3 0-0 15. b4 a6 16. b5 axb5 17. Qxb5 Na5 18. Bd2 b6 19. Bxa5 bxa5 1/2-1/2

[Event "CAN-ch (Women)"]
[Site "Ottawa"]
[Date "2016.09.24"]
[Round "5"]
[White "Pretell Diaz, Carol"]
[Black "Wang, Constance"]
[Result "0-1"]
[WhiteElo "1824"]
[BlackElo "1822"]
[PlyCount "54"]
[EventDate "2016.09.22"]
[EventType "tourn"]
[EventRounds "7"]
[EventCountry "CAN"]
[SourceTitle "CBM 174 Extra"]
[Source "ChessBase"]
[SourceDate "2016.10.10"]
[SourceVersion "1"]
[SourceVersionDate "2016.10.10"]
[SourceQuality "1"]

1. c4 e6 2. Nc3 d5 3. cxd5 exd5 4. d4 Nf6 5. g3 c6 6. Bg2 Be7 7. Nf3 0-0 8. 0-0 Nbd7 9. a3 a5 10. Bd2 Nb6 11. Ne5 Bf5 12. h3 Ne4 13. g4 Nxd2 14. Qxd2 Bd7 15. b3 f5 16. Nxd7 Qxd7 17. gxf5 Qxf5 18. e4 dxe4 19. Nxe4 Nd5 20. Ng3 Qf7 21. Ne2 Bd6 22. Qg5 Rae8 23. Bxd5 cxd5 24. Nc3 Re6 25. Qxd5 Rg6+ 26. Kh1 Qxd5+ 27. Nxd5 Rf3 0-1

[Event "CAN-ch (Women)"]
[Site "Ottawa"]
[Date "2016.09.22"]
[Round "1"]
[White "Zhou, Qiyu"]
[Black "Wang, Constance"]
[Result "1-0"]
[WhiteElo "2367"]
[BlackElo "1822"]
[PlyCount "49"]
[EventDate "2016.09.22"]
[EventType "tourn"]
[EventRounds "7"]
[EventCountry "CAN"]
[SourceTitle "CBM 174 Extra"]
[Source "ChessBase"]
[SourceDate "2016.10.10"]
[SourceVersion "1"]
[SourceVersionDate "2016.10.10"]
[SourceQuality "1"]

1. e4 c5 2. Nf3 d6 3. d4 cxd4 4. Nxd4 Nf6 5. Nc3 a6 6. Bc4 e6 7. Bb3 Nbd7 8. Bg5 Nc5 9. 0-0 Be7 10. Re1 0-0 11. f4 Nxb3 12. axb3 Qc7 13. Kh1 b6 14. Qf3 Bb7 15. Qg3 Kh8 16. Re3 Ng8 17. f5 Bxg5 18. Qxg5 e5 19. Rg3 g6 20. fxg6 fxg6 21. Ne6 Qd7 22. Nxf8 Rxf8 23. Qe3 Rf4 24. Rf3 Rg4 25. Raf1 1-0

[Event "Windsor NAYCC U16-U18 Girls"]
[Site "Windsor"]
[Date "2016.08.10"]
[Round "6.20"]
[White "Liu, Joanna"]
[Black "Wang, Constance"]
[Result "0-1"]
[WhiteElo "1956"]
[BlackElo "1886"]
[PlyCount "68"]
[EventDate "2016.08.07"]
[EventType "swiss"]
[EventRounds "9"]
[EventCountry "CAN"]
[SourceTitle "EXT 2022"]
[Source "ChessBase"]
[SourceDate "2021.10.06"]
[SourceVersion "1"]
[SourceVersionDate "2021.10.06"]
[SourceQuality "1"]

1. d4 Nf6 2. c4 e6 3. Nc3 d5 4. Nf3 Be7 5. cxd5 exd5 6. Bg5 0-0 7. e3 h6 8. Bh4 c6 9. Bd3 Nbd7 10. 0-0 Re8 11. Qc2 Ne4 12. Bxe7 Qxe7 13. Rab1 Nb6 14. b4 Nd6 15. Ne5 Be6 16. b5 cxb5 17. Nxb5 Rec8 18. Qe2 Ndc4 19. Bxc4 Nxc4 20. Nxc4 Rxc4 21. Rfc1 Rac8 22. Rxc4 Rxc4 23. Nxa7 Bf5 24. Rd1 Qb4 25. Qf3 Qa4 26. Nb5 Be4 27. Qe2 Qxb5 28. f3 Bc2 29. Rf1 Qa4 30. Ra1 b5 31. Qe1 Rc8 32. Qg3 b4 33. Qe5 b3 34. Qxd5 b2 0-1

[Event "Windsor NAYCC U16-U18 Girls"]
[Site "Windsor"]
[Date "2016.08.08"]
[Round "3.24"]
[White "Baker, Victoria"]
[Black "Wang, Constance"]
[Result "0-1"]
[WhiteElo "1516"]
[BlackElo "1886"]
[PlyCount "90"]
[EventDate "2016.08.07"]
[EventType "swiss"]
[EventRounds "9"]
[EventCountry "CAN"]
[SourceTitle "EXT 2022"]
[Source "ChessBase"]
[SourceDate "2021.10.06"]
[SourceVersion "1"]
[SourceVersionDate "2021.10.06"]
[SourceQuality "1"]

1. e4 c5 2. Nf3 d6 3. d4 cxd4 4. Nxd4 Nf6 5. Nc3 a6 6. Be3 e5 7. Nb3 Be6 8. f3 Be7 9. Qd2 0-0 10. g4 Nbd7 11. h4 b5 12. h5 b4 13. Na4 a5 14. g5 Ne8 15. g6 Bh4+ 16. Kd1 Qf6 17. gxh7+ Kh8 18. Qg2 Qe7 19. Kd2 Bf6 20. Rg1 d5 21. Nbc5 d4 22. Bg5 Nxc5 23. Bxf6 Nxe4+ 24. fxe4 Qxf6 25. Re1 Rc8 26. Bd3 Nd6 27. Ref1 Qh6+ 28. Qg5 Qxg5+ 29. Rxg5 f6 30. Rg3 Kxh7 31. Rfg1 Rc7 32. Be2 Nxe4+ 33. Kd1 Nxg3 34. Rxg3 f5 35. Rg6 Rf6 36. Rxf6 gxf6 37. Kd2 e4 38. Nb6 f4 39. b3 f3 40. Bf1 e3+ 41. Kd1 e2+ 42. Bxe2 fxe2+ 43. Kxe2 Rxc2+ 44. Kd3 Rxa2 45. Kxd4 Bxb3 0-1

[Event "CAN-ch U14 Girls"]
[Site "Windsor"]
[Date "2015.07.08"]
[Round "4.43"]
[White "Zhou, Lily"]
[Black "Wang, Constance"]
[Result "0-1"]
[WhiteElo "1766"]
[BlackElo "1816"]
[PlyCount "140"]
[EventDate "2015.07.06"]
[EventType "swiss"]
[EventRounds "7"]
[EventCountry "CAN"]
[SourceTitle "EXT 2022"]
[Source "ChessBase"]
[SourceDate "2021.10.06"]
[SourceVersion "1"]
[SourceVersionDate "2021.10.06"]
[SourceQuality "1"]

1. d4 Nf6 2. Nf3 e6 3. e3 d5 4. Bd3 b6 5. b3 Bb7 6. Nbd2 Bd6 7. Bb2 Nbd7 8. 0-0 0-0 9. Qe2 c5 10. Ne5 Ne4 11. Nxe4 dxe4 12. Bc4 Bxe5 13. dxe5 Qg5 14. Rad1 Nxe5 15. Ba6 Bxa6 16. Qxa6 Nf3+ 17. Kh1 Nh4 18. Rg1 Rfd8 19. Rxd8+ Qxd8 20. Qc4 Qd5 21. Qxd5 exd5 22. Rd1 Rd8 23. c4 f6 24. Bc3 Nf5 25. cxd5 Rd6 26. g4 Ne7 27. Kg2 Rxd5 28. Rxd5 Nxd5 29. Bb2 g5 30. a4 a6 31. Ba3 a5 32. Kf1 Kf7 33. Ke2 Nc3+ 34. Ke1 Ke6 35. Bb2 Nd5 36. Ke2 Nb4 37. Bc3 Nc6 38. Kd2 Ne5 39. Bxe5 Kxe5 40. Kc3 Kd5 41. h3 h6 42. Kc2 c4 43. Kc3 cxb3 44. Kxb3 Kc5 45. Kc3 b5 46. axb5 Kxb5 47. Kd4 a4 48. Kxe4 a3 49. Kf5 a2 50. Kxf6 a1Q+ 51. Kg6 Qa6+ 52. Kh5 Qf6 53. e4 Qxf2 54. Kxh6 Qf4 55. Kh5 Kc5 56. h4 gxh4 57. Kxh4 Qxe4 58. Kh5 Qe8+ 59. Kh6 Qg8 60. g5 Kd6 61. g6 Ke6 62. Kg5 Qg7 63. Kf4 Qxg6 64. Ke3 Qg4 65. Kd3 Kd5 66. Kc3 Qd4+ 67. Kb3 Qc4+ 68. Kb2 Qd3 69. Ka1 Qe2 70. Kb1 Kc4 0-1

[Event "Toronto NAYCC U12 Girls"]
[Site "Toronto"]
[Date "2013.08.14"]
[Round "1"]
[White "Wang, Constance"]
[Black "Gillan, Rahma"]
[Result "1/2-1/2"]
[WhiteElo "1651"]
[BlackElo "1150"]
[PlyCount "44"]
[EventDate "2013.08.14"]
[EventType "swiss"]
[EventRounds "9"]
[EventCountry "CAN"]
[SourceTitle "EXT 2022"]
[Source "ChessBase"]
[SourceDate "2021.10.06"]
[SourceVersion "1"]
[SourceVersionDate "2021.10.06"]
[SourceQuality "1"]

1. e4 e5 2. f4 Bc5 3. Nf3 d6 4. Bc4 Nc6 5. Nc3 Nf6 6. d3 a6 7. Qe2 Bg4 8. Be3 Nd4 9. Bxd4 Bxd4 10. h3 Bxf3 11. Qxf3 Qe7 12. Ne2 Bb6 13. 0-0-0 0-0-0 14. g4 Nd7 15. Ng3 g6 16. Rdf1 Rhf8 17. h4 exf4 18. Qxf4 Ne5 19. Bb3 Qd7 20. h5 Nxg4 21. Kb1 f6 22. hxg6 hxg6 1/2-1/2

[Event "CAN-ch U12 Girls"]
[Site "Ottawa"]
[Date "2013.07.12"]
[Round "5"]
[White "Zhou, Lily"]
[Black "Wang, Constance"]
[Result "1/2-1/2"]
[WhiteElo "1683"]
[BlackElo "1660"]
[PlyCount "122"]
[EventDate "2013.07.10"]
[EventType "swiss"]
[EventRounds "6"]
[EventCountry "CAN"]
[SourceTitle "EXT 2022"]
[Source "ChessBase"]
[SourceDate "2021.10.06"]
[SourceVersion "1"]
[SourceVersionDate "2021.10.06"]
[SourceQuality "1"]

1. d4 e6 2. c4 Nf6 3. Nc3 Bb4 4. a3 Bxc3+ 5. bxc3 b6 6. Nf3 Bb7 7. e3 0-0 8. Bd3 d6 9. 0-0 c5 10. a4 Nc6 11. Re1 Na5 12. Nd2 Ba6 13. Qe2 Qc7 14. Bb2 Rac8 15. Rac1 Qc6 16. f4 Qxa4 17. Rf1 Qc6 18. Rf3 Rc7 19. Rh3 Rfc8 20. Bxh7+ Nxh7 21. Qh5 f6 22. Qxh7+ Kf7 23. Rg3 Rg8 24. h4 Kf8 25. h5 Bb7 26. Qg6 Qe8 27. Qh7 Qf7 28. Rg6 Rd7 29. Kf2 Ke7 30. f5 Rdd8 31. Rh1 Rh8 32. Qxg7 Rdg8 33. Qxf7+ Kxf7 34. fxe6+ Kxe6 35. d5+ Kf7 36. Rxg8 Rxg8 37. Rh4 Bc8 38. Kf3 f5 39. Ba1 Kf6 40. Kf2 Kg7 41. e4 Kh6 42. exf5 Bxf5 43. Bb2 Rg4 44. Rh1 Nxc4 45. Bc1 Kh7 46. h6 Nxd2 47. Bxd2 Be4 48. Rh2 Bxd5 49. Bc1 a5 50. Bd2 b5 51. c4 Bxc4 52. Bxa5 b4 53. Rh1 Bd5 54. Rd1 Rxg2+ 55. Ke3 Rg5 56. Bc7 b3 57. Kd2 Kxh6 58. Bxd6 c4 59. Bf4 Kh5 60. Bxg5 Kxg5 61. Kc3 Be4 1/2-1/2

[Event "CAN-ch U12 Girls"]
[Site "Ottawa"]
[Date "2013.07.10"]
[Round "1"]
[White "Wang, Constance"]
[Black "Gillan, Rahma"]
[Result "1-0"]
[WhiteElo "1660"]
[BlackElo "1076"]
[PlyCount "59"]
[EventDate "2013.07.10"]
[EventType "swiss"]
[EventRounds "6"]
[EventCountry "CAN"]
[SourceTitle "EXT 2022"]
[Source "ChessBase"]
[SourceDate "2021.10.06"]
[SourceVersion "1"]
[SourceVersionDate "2021.10.06"]
[SourceQuality "1"]

1. e4 e5 2. f4 Nc6 3. Nf3 d6 4. Bc4 Nf6 5. Nc3 Be6 6. Bb3 Be7 7. 0-0 0-0 8. d3 a6 9. f5 Bxb3 10. axb3 d5 11. Qe2 d4 12. Nd1 h6 13. Kh1 Nh7 14. Rg1 Ng5 15. Nf2 Nxf3 16. gxf3 Bg5 17. Nh3 Bxc1 18. Raxc1 Kh8 19. Rg3 Rg8 20. Qg2 f6 21. Rg1 Qe7 22. Nf2 Qf7 23. Ng4 Rad8 24. Rh3 Kh7 25. Rh4 Rh8 26. Qh3 Qf8 27. Nxh6 gxh6 28. Rg6 Qg7 29. Rhxh6+ Qxh6 30. Qxh6# 1-0

[Event "Guelph Winter Pro-Am U1600"]
[Site "Guelph"]
[Date "2012.02.11"]
[Round "3"]
[White "Xu, Jeffrey"]
[Black "Wang, Constance"]
[Result "1-0"]
[WhiteElo "1550"]
[BlackElo "1443"]
[PlyCount "147"]
[EventDate "2012.02.10"]
[EventType "swiss"]
[EventRounds "5"]
[EventCountry "CAN"]
[SourceTitle "EXT 2022"]
[Source "ChessBase"]
[SourceDate "2021.10.06"]
[SourceVersion "1"]
[SourceVersionDate "2021.10.06"]
[SourceQuality "1"]

1. e4 c5 2. Nf3 d6 3. Bb5+ Bd7 4. Bxd7+ Qxd7 5. 0-0 Nf6 6. d3 e6 7. Nc3 Be7 8. Re1 Nc6 9. b3 0-0 10. Bb2 d5 11. a3 Qc7 12. Qe2 Rfe8 13. Rad1 Rad8 14. h3 a6 15. a4 dxe4 16. dxe4 Rxd1 17. Rxd1 Rd8 18. Rxd8+ Qxd8 19. Nb1 Qc7 20. Nbd2 Nd7 21. Nc4 b5 22. axb5 axb5 23. Na3 b4 24. Nc4 Nb6 25. Nfd2 Nxc4 26. Nxc4 Bd6 27. Qd2 Be7 28. e5 Kf8 29. Nd6 Na5 30. Qd3 Nb7 31. Qxh7 Bxd6 32. exd6 Qxd6 33. Bxg7+ Ke7 34. Qh4+ Kd7 35. Qh5 Qe7 36. Qf3 Ke8 37. Bf6 Qd7 38. Qh5 Qd6 39. Be5 Qe7 40. Qf3 Qd7 41. h4 Nd6 42. Qa8+ Nc8 43. Bg7 Qd1+ 44. Kh2 Qd7 45. Be5 Ke7 46. g3 Nd6 47. Bf4 Qc7 48. Bh6 Ne8 49. Qa5 Qd6 50. Qa7+ Nc7 51. Be3 Kd7 52. Qxc5 Qxc5 53. Bxc5 Na6 54. Be3 Kd6 55. h5 Ke7 56. h6 Kf8 57. Kg2 Kg8 58. Kf3 Nc7 59. Ke2 Nd5 60. Bd2 Kh7 61. Kd3 Ne7 62. Bxb4 Nf5 63. Bd2 Nxh6 64. Bxh6 Kxh6 65. c4 Kg7 66. c5 Kf8 67. b4 Ke7 68. b5 Kd7 69. Ke4 Kc7 70. Ke5 Kd7 71. Kf6 Kd8 72. b6 Ke8 73. b7 Kd8 74. b8Q+ 1-0

[Event "CAN-ch U10 Girls"]
[Site "Windsor"]
[Date "2010.07.07"]
[Round "4"]
[White "Wang, Constance"]
[Black "Liu, Jiaxin"]
[Result "0-1"]
[WhiteElo "975"]
[BlackElo "1460"]
[PlyCount "138"]
[EventDate "2010.07.06"]
[EventType "tourn"]
[EventRounds "7"]
[EventCountry "CAN"]
[SourceTitle "EXT 2012"]
[Source "ChessBase"]
[SourceDate "2011.11.24"]
[SourceVersion "1"]
[SourceVersionDate "2011.11.24"]
[SourceQuality "1"]

1. e4 c5 2. Nf3 d6 3. d4 cxd4 4. Nxd4 Nf6 5. Nc3 a6 6. Be2 e6 7. 0-0 Nbd7 8. Be3 Be7 9. Qd2 0-0 10. f4 Qc7 11. Bf3 Nc5 12. Rac1 Rb8 13. Nb3 b5 14. a3 Rd8 15. Qe2 Bb7 16. Nxc5 dxc5 17. Rcd1 Bc6 18. Rxd8+ Rxd8 19. Rd1 Rd7 20. Rxd7 Nxd7 21. Qf2 h6 22. Qg3 Kh8 23. Kf2 c4 24. f5 Qxg3+ 25. Kxg3 exf5 26. exf5 Bxf3 27. Kxf3 Kg8 28. Ke4 Nf6+ 29. Kf3 Kf8 30. Ne4 Nd5 31. Bc5 Ke8 32. Bxe7 Kxe7 33. g4 g6 34. fxg6 fxg6 35. h4 a5 36. g5 h5 37. Nc3 Nxc3 38. bxc3 Kd6 39. Kf4 Kd5 40. Kf3 Ke5 41. Ke3 Kf5 42. Kf3 a4 43. Kg3 Ke4 44. Kh2 Ke3 45. Kg3 Kd2 46. Kf4 Kxc2 47. Ke5 Kxc3 48. Kf6 Kd2 49. Kxg6 c3 50. Kf7 c2 51. g6 c1Q 52. g7 Qc4+ 53. Kf8 Qf4+ 54. Kg8 Ke3 55. Kh7 Qf5+ 56. Kh6 Qf6+ 57. Kh7 Qf7 58. Kh8 Qe8+ 59. Kh7 b4 60. g8Q Qxg8+ 61. Kxg8 bxa3 62. Kf8 a2 63. Kg8 a1Q 64. Kh7 Kf4 65. Kh6 Qh8+ 66. Kg6 a3 67. Kf7 a2 68. Kg6 a1Q 69. Kf7 Qaf6# 0-1

[Event "CAN-ch U08 Girls"]
[Site "Victoria"]
[Date "2009.07.23"]
[Round "5"]
[White "Wang, Constance"]
[Black "MacInnis, Maggie Rose"]
[Result "0-1"]
[WhiteElo "1123"]
[BlackElo "876"]
[PlyCount "70"]
[EventDate "2009.07.21"]
[EventType "tourn"]
[EventRounds "5"]
[EventCountry "CAN"]
[SourceTitle "EXT 2011"]
[Source "ChessBase"]
[SourceDate "2010.11.26"]
[SourceVersion "1"]
[SourceVersionDate "2010.11.26"]
[SourceQuality "1"]

1. e4 d5 2. exd5 Qxd5 3. Nc3 Qa5 4. d4 Nf6 5. Nf3 Ne4 6. Bd2 Nxd2 7. Qxd2 Bf5 8. Bd3 e6 9. Bxf5 Qxf5 10. 0-0 Bb4 11. d5 Bxc3 12. bxc3 0-0 13. Rab1 b6 14. c4 Na6 15. dxe6 fxe6 16. Rb2 Qg6 17. Re1 Rxf3 18. Qd7 Raf8 19. Qxe6+ Qxe6 20. Rxe6 Rxf2 21. Re1 Nc5 22. Rc1 Ne4 23. Rb3 Nd2 24. Rbb1 Nxb1 25. Rxb1 R8f6 26. Rc1 Kf7 27. Rd1 Ke6 28. Re1+ Kd6 29. Ra1 Ke5 30. Re1+ Kd4 31. Rd1+ Ke3 32. h3 Rg6 33. Rf1 Rgxg2+ 34. Kh1 Rh2+ 35. Kg1 Rfg2# 0-1

[Event "CAN-ch U08 Girls"]
[Site "Victoria"]
[Date "2009.07.21"]
[Round "1"]
[White "Wang, Constance"]
[Black "Botez, Andrea"]
[Result "1-0"]
[WhiteElo "1123"]
[BlackElo "525"]
[PlyCount "103"]
[EventDate "2009.07.21"]
[EventType "tourn"]
[EventRounds "5"]
[EventCountry "CAN"]
[SourceTitle "EXT 2011"]
[Source "ChessBase"]
[SourceDate "2010.11.26"]
[SourceVersion "1"]
[SourceVersionDate "2010.11.26"]
[SourceQuality "1"]

1. e4 g6 2. d4 Bg7 3. Nf3 d6 4. Bg5 Nf6 5. Bc4 Nxe4 6. Nc3 Nxg5 7. Nxg5 e6 8. Nf3 0-0 9. 0-0 Nc6 10. d5 Bxc3 11. bxc3 exd5 12. Bxd5 Na5 13. Qd2 Be6 14. Bxe6 fxe6 15. Qh6 Qf6 16. Nd4 Qg7 17. Qxg7+ Kxg7 18. Nxe6+ Kg8 19. Nxf8 Rxf8 20. Rfe1 Kf7 21. Re4 d5 22. Rf4+ Kg8 23. Rxf8+ Kxf8 24. Re1 Kf7 25. Rb1 Ke6 26. Rb5 Nc4 27. Rxb7 c6 28. Rxh7 a5 29. Rh3 Kd6 30. Rh6 Kc5 31. Rxg6 Kb5 32. h4 Ka4 33. Rxc6 Ka3 34. Rc5 a4 35. Rxd5 Kxa2 36. h5 Kb2 37. h6 a3 38. Rd8 Nb6 39. Rb8 a2 40. Rxb6+ Ka3 41. Ra6+ Kb2 42. Rxa2+ Kxa2 43. h7 Kb1 44. h8Q Kxc2 45. Qh4 Kd2 46. Qd4+ Ke1 47. c4 Ke2 48. c5 Ke1 49. c6 Ke2 50. c7 Ke1 51. c8Q Ke2 52. Qe8# 1-0